Baked Food - Sudden Death - Statistics

General Stats
  • This quiz has been taken 152 times
  • The average score is 8 of 16
Answers on the Grid
Answers color-coded by a green-red scale on the quiz's grid according to % correct below.
Gratin dauphinois
Shepherd's pie
Khachapuri
Kaalilaatikko
Tavë kosi
Lasagna bolognese
Pecan pie
Gingerbread man
Shashlik
Strawberry sorbet
Kokotxas / Cocochas
Steak tartare
Lemon mousse
Biltong
Teppanyaki wagyu beef
Onion rings
Quiche Lorraine
Pizza Margherita
Chocolate brownie
Pastel de nata
Tarte Tatin
Beef Wellington
Pet de sœur
Chocolate chip cookie
Pikliz
Guacamole
Churro
Ceviche
 
Answer Stats
Answer % Correct
Pecan pie
78%
Chocolate brownie
77%
Pizza Margherita
75%
Shepherd's pie
75%
Chocolate chip cookie
73%
Gingerbread man
72%
Beef Wellington
68%
Lasagna bolognese
66%
Quiche Lorraine
63%
Tarte Tatin
42%
Gratin dauphinois
40%
Pastel de nata
39%
Khachapuri
16%
Pet de sœur
11%
Tavë kosi
11%
Kaalilaatikko
10%
No matching quizzes found
Score Distribution
Percent of People with Each Score
Percentile by Number Answered
Your Score History
You have not taken this quiz